Statistics for NHL Players 22-23 Season - Pacific Division

Click here to take the quiz!

General Stats

  • This quiz has been taken 13 times
  • The average score is 69 of 264

Answer Stats

Team Name#Player's Name% Correct
97Connor McDavid
92%
29Leon Draisaitl
92%
7Alex Pietrangelo
75%
40Elias Pettersson
75%
65Erik Karlsson
75%
36John Gibson
75%
93Ryan Nugent-Hopkins
75%
74Stuart Skinner
75%
11Trevor Zegras
75%
71William Karlsson
75%
33Adin Hill
67%
11Anze Kopitar
67%
8Drew Doughty
67%
36Jack Campbell
67%
9Jack Eichel
67%
25Jacob Markstrom
67%
19Jared McCann
67%
10Jonathan Huberdeau
67%
81Jonathan Marchessault
67%
7Jordan Eberle
67%
17Lias Andersson
67%
36Logan Thompson
67%
61Mark Stone
67%
26Michael Stone
67%
91Nazem Kadri
67%
⬇️ Calgary Flames ⬇️4Rasmus Andersson
67%
19Reilly Smith
67%
30Spencer Martin
67%
18Zach Hyman
67%
23Alec Martinez
58%
6Brock Boeser
58%
25Darnell Nurse
58%
⬇️ Edmonton Oilers ⬇️2Evan Bouchard
58%
91Evander Kane
58%
9J.T. Miller
58%
36Kaapo Kahkonen
58%
10Matty Beniers
58%
23Oliver Ekman-Larsson
58%
55Quinton Byfield
58%
35Thatcher Demko
58%
48Tomas Hertl
58%
19Troy Terry
58%
9Adrian Kempe
50%
96Andrei Kuzmenko
50%
41Anthony Stolarz
50%
45Colton White
50%
80Daniel Vladar
50%
28Elias Lindholm
50%
32Jonathan Quick
50%
31Olle Eriksson Ek
50%
31Philipp Grubauer
50%
43Quinn Hughes
50%
27Shea Theodore
50%
29Vince Dunn
50%
94Alexander Barabanov
42%
88Andrew Mangiapane
42%
4Cam Fowler
42%
5Cody Ceci
42%
47James Reimer
42%
55Keegan Kolesar
42%
22Kevin Fiala
42%
39Logan Couture
42%
⬇️ Anaheim Ducks ⬇️1Lukas Dostal
42%
37Mason McTavish
42%
11Mikael Backlund
42%
88Nils Aman
42%
21Nils Hoglander
42%
55Noah Hanifin
42%
8Phil Kessel
42%
57Tyler Myers
42%
73Tyler Toffoli
42%
37Yanni Gourde
42%
14Adam Henrique
33%
6Adam Larsson
33%
95Andre Burakovsky
33%
13Brandon Tanev
33%
20Chandler Stephenson
33%
8Christopher Tanev
33%
60Collin Delia
33%
8Conor Garland
33%
38Derek Grant
33%
32Dustin Wolf
33%
13Gabriel Vilardi
33%
17Jaden Schwartz
33%
6Jamie Drysdale
33%
24Jamie Oleksiak
33%
70Joonas Korpisalo
33%
39Laurent Brossoit
33%
52MacKenzie Weegar
33%
44Marc-Edouard Vlasic
33%
38Mario Ferraro
33%
30Martin Jones
33%
49Max Jones
33%
50Sean Durzi
33%
12Trevor Moore
33%
33Viktor Arvidsson
33%
⬇️ Vegas Golden Knights ⬇️2Zach Whitecloud
33%
30Aaron Dell
25%
63Adam Ruzicka
25%
18Andreas Johnsson
25%
72Anthony Beauvillier
25%
34Arthur Kaliyev
25%
20Blake Coleman
25%
21Brett Howden
25%
27Brett Kulak
25%
8Cale Fleury
25%
40Cal Petersen
25%
10Derek Ryan
25%
29Dillon Dube
25%
20Fabian Zetterlund
25%
17Filip Hronek
25%
77Frank Vatrano
25%
49Ivan Barbashev
25%
24Jacob Peterson
25%
49Jakob Pelletier
25%
33Jakob Silfverberg
25%
22Kevin Shattenkirk
25%
14Mattias Ekholm
25%
3Matt Roy
25%
44Maxime Comtois
25%
22Mike Amadio
25%
14Nicolas Hague
25%
10Nicolas Roy
25%
16Nikita Zadorov
25%
16Pavel Dorofeyev
25%
40Pavol Regenda
25%
29Pheonix Copley
25%
86Philip Broberg
25%
24Phillip Danault
25%
89Rasmus Kupari
25%
71Ryan McLeod
25%
16Ryan Strome
25%
51Shane Wright
25%
92Vasili Podkolzin
25%
37Warren Foegele
25%
28William Carrier
25%
72William Eklund
25%
21Alexander Wennberg
17%
19Alex Iafallo
17%
31Arturs Silovs
17%
17Ben Hutton
17%
3Brayden McNabb
17%
94Brayden Pachal
17%
91Carl Grundstrom
17%
28Carson Soucy
17%
20Eeli Tolvanen
17%
74Ethan Bear
17%
55Guillaume Brisebois
17%
35Joey Daccord
17%
56Kailer Yamamoto
17%
21Klim Kostin
17%
44Kyle Burroughs
17%
80Markus Niemelainen
17%
41Matthew Phillips
17%
44Michael Anderson
17%
17Milan Lucic
17%
67Morgan Geekie
17%
43Paul Cotter
17%
39Sam Carrick
17%
13Simon Benoit
17%
5Urho Vaakanainen
17%
73Vincent Desharnais
17%
⬇️ Seattle Kraken ⬇️3Will Borgen
17%
27Aatu Raty
8%
⬇️ Los Angeles Kings ⬇️2Alexander Edler
8%
39Alex Turcotte
8%
50Benoit-Olivier Groulx
8%
46Blake Lizotte
8%
92Brandt Clarke
8%
86Christian Wolanin
8%
53C.J. Suess
8%
81Dakota Joshua
8%
91Daniel Sprong
8%
42Daniil Miromanov
8%
19Devin Shore
8%
43Drew Helleson
8%
55Dylan Holloway
8%
65Ilya Mikheyev
8%
21Isac Lundestrom
8%
⬇️ Vancouver Canucks ⬇️3Jack Rathbone
8%
60Jackson LaCombe
8%
9Jacob MacDonald
8%
28Jaret Anderson-Dolan
8%
38Jesper Froden
8%
30Jiri Patera
8%
15John Hayden
8%
53Jordan Spence
8%
62Kevin Labanc
8%
5Matt Benning
8%
39Matt Coronato
8%
28Nathan Beaulieu
8%
72Nick Bjugstad
8%
27Nick Ritchie
8%
7Nico Sturm
8%
62Nikita Nesterenko
8%
71Nikolai Knyzhov
8%
73Noah Gregor
8%
22Oliver Bjorkstrand
8%
23Oskar Lindblom
8%
34Phil Di Giuseppe
8%
51Radim Simek
8%
67Radim Zohorna
8%
9Ryan Donato
8%
68Samuel Fagemo
8%
26Sean Walker
8%
70Tanner Pearson
8%
53Teddy Blueger
8%
17Thomas Bordeleau
8%
7Tobias Bjornfot
8%
22Trevor Lewis
8%
52Tristen Robins
8%
16Tyler Benson
8%
91Vitali Kravtsov
8%
84Vladislav Gavrikov
8%
57Adam Raska
0%
25Aidan Mcdonough
0%
36Akito Hirose
0%
26Andrew Agozzino
0%
48Austin Strand
0%
24Brad Malone
0%
20Brett Leason
0%
26Brock McGinn
0%
51Byron Froese
0%
48Cole McWard
0%
75Danil Gushchin
0%
48Dennis Gilbert
0%
55Derrick Pouliot
0%
32Eetu Makiniemi
0%
10Evgeny Svechnikov
0%
42Glenn Gawdin
0%
23Gustav Olofsson
0%
⬇️ San Jose Sharks ⬇️3Henry Thrun
0%
18Jack Studnicka
0%
57Jacob Moverare
0%
57James Hamblin
0%
44Jason Demers
0%
44Jaycob Megna
0%
7Jayson Megna
0%
63Jeffrey Viel
0%
42Jonah Gadjovich
0%
46Jonas Rondbjerg
0%
54Justin Kirkland
0%
4Justin Shultz
0%
6Kaedan Korczak
0%
21Kevin Rooney
0%
41Kyle Criscuolo
0%
11Luke Kunin
0%
87Martin Kaut
0%
33Matt Berlin
0%
26Mattias Janmark-Nylen
0%
59Nick Cicek
0%
57Nick Desimone
0%
47Noah Juulsen
0%
28Ryan Murray
0%
17Scott Harrington
0%
15Sheldon Dries
0%
56Sheldon Rempal
0%
16Steven Lorentz
0%
24Travis Dermott
0%
51Troy Stecher
0%
5Tucker Poolman
0%
71Walker Duehr
0%
7William Lockwood
0%
17Zack MacEwen
0%

Score Distribution

Percentile by Number Answered

Percent of People with Each Score

Your Score History

You have not taken this quiz